El sistema de control constitucional argentino (Registro nro. 25)

Detalles MARC
000 -LEADER
fixed length control field 01362 a2200229 4500
001 - CONTROL NUMBER
control field 33
005 - DATE AND TIME OF LATEST TRANSACTION
control field 20260407155403.0
008 - FIXED-LENGTH DATA ELEMENTS--GENERAL INFORMATION
fixed length control field 260407a2002 arg spa d
003 - CONTROL NUMBER IDENTIFIER
control field AR-UNSa-BCEJYS
040 ## - CATALOGING SOURCE
Original cataloging agency AR-UNSa-BCEJYS
Language of cataloging spa
Transcribing agency AR-UNSa-BCEJYS
080 ## - UNIVERSAL DECIMAL CLASSIFICATION NUMBER
Universal Decimal Classification number 342
Common auxiliary subdivision Derecho constitucional (Derecho Público)
020 ## - INTERNATIONAL STANDARD BOOK NUMBER
International Standard Book Number 950-14-1849-9
041 ## - LANGUAGE CODE
Language code of text/sound track or separate title spa
100 1# - MAIN ENTRY--PERSONAL NAME
Personal name Toricelli, Maximiliano
245 10 - TITLE STATEMENT
Title El sistema de control constitucional argentino
Name of part/section of a work La acción declarativa de inconstitucionalidad como mecanismo de tutela
264 #1 - PRODUCTION, PUBLICATION, DISTRIBUTION, MANUFACTURE, AND COPYRIGHT NOTICE
Place of production, publication, distribution, manufacture Buenos Aires :
Name of producer, publisher, distributor, manufacturer Lexis Nexis
Date of production, publication, distribution, manufacture, or copyright notice 2002
300 ## - PHYSICAL DESCRIPTION
Extent 363 p.
Dimensions 22 cm.
505 ## - FORMATTED CONTENTS NOTE
Formatted contents note 1. Derecho procesal constitucional - 2. Características del control de constitucionalidad en la Argentina - 3. El control de inconstitucionalidad por vía de acción - 4. La acción de inconstitucionalidad en el orden federal: configuración y competencia - 5. Diferencia con otros institutos afines - 6. Procedencia de las medidas cautelares en la acción Mere Declarativa - 7. El control por vía de acción en el derecho público provincial - 8. Trámite procesal y efectos de la sentencia declarativa de inconstitucionalidad
590 ## - LOCAL NOTE (RLIN)
Local note niveau_biblio:m niveau_hierar:0
856 41 - ELECTRONIC LOCATION AND ACCESS
Uniform Resource Identifier <a href="https://biblioeco.unsa.edu.ar/pmb/images/libros/El sistema de control constitucional argentino-l116466.jpg">https://biblioeco.unsa.edu.ar/pmb/images/libros/El sistema de control constitucional argentino-l116466.jpg</a>
Link text Imagen de portada
Electronic format type image/jpeg
942 ## - ADDED ENTRY ELEMENTS (KOHA)
Koha item type
Existencias
Withdrawn status Lost status Damaged status Not for loan Home library Current library Shelving location Date acquired Total checkouts Full call number Barcode Date last seen Price effective from Koha item type
        Biblioteca Prof. Eusebio Cleto del Rey Biblioteca Prof. Eusebio Cleto del Rey   07/04/2026   342 T683 L116466 07/04/2026 07/04/2026 Libro